LEADER 01007nam a2200289 i 4500 001 000000145209 003 CaOOAMICUS 005 20190924110655.0 008 051118s1991 it u000 u ita u 013 $a120601 020 $a88-15-03179-0 040 $aSeMil$bita 100 1 $aMcCarthy, Mary.$0(OLS)http://semarc/name/34119 245 14$aUna giovinezza americana /$cMary McCarthy. 260 $aBologna :$bIl Mulino,$ccopyr. 1991. 300 $a265 p., [4] p. di tav. ;$c21 cm. 490 0 $aStoria 500 $aFondo Ciprandi. 830 0$aStoria.$0(OLS)http://semarc/title/425847 850 $aSeMil 852 $aSeMil$W1$xVenegono$y1$m1W I 216$j98026$B98026$CSeMilBibl$Z2$F105915 $81 941 1 $a1 961 $aOmaggio: Ciprandi dott. Paolo 996 $6020$a88-15-03179-0$9(OLS)http://semarc/number/133647 996 $6245$aUna giovinezza americana$9(OLS)http://semarc/title/212398 996 $6260$aBologna :$bIl Mulino$9(OLS)http://semarc/publisher/29842 LEADER 01060nam a2200241 i 4500 001 000000017297 003 CaOOAMICUS 005 20180830125443.0 008 180830s1989 it u000 u ita u 040 $aSeMil$bita 100 1 $aGargano, Innocenzo.$0(OLS)http://semarc/name/7916 245 10$aLectio divina su il Vangelo di Luca /$cInnocenzo Gargano. 260 $aBologna :$bEDB,$c1989-1991- 300 $a2 v. ;$c19 cm. 650 4$aBibbia. Nuovo Testamento. Vangelo secondo Luca - Commentari, studi, critica, interpretazioni.$0(OLS)http://semarc/subject/142 650 4$aLectio divina.$0(OLS)http://semarc/subject/2808 773 0 $tConversazioni bibliche.$dBologna : EDB, [198.]$w()16374 774 0 $t1.$kConversazioni bibliche$z88-10-70924-1$g1$w()159110 774 0 $t2.$kConversazioni bibliche$z88-10-70925-2$g2$w()159111 900 1 $aGargano, Guido Innocenzo$c. 996 $6245$aLectio divina su il Vangelo di Luca$9(OLS)http://semarc/title/22872 996 $6260$aBologna :$bEDB$9(OLS)http://semarc/publisher/29669